000
00324nam a2200145Ia 4500
100
_a
Kranzberg & Other .(ed.)
650
_a
General
942
_c
RB
654
_a
Energy
245
_a
Energy And Way We Live
260
_b
Boyd & Fraser
_a
San Francisco
_c
1980
082
_a
333.7
_b
Kra
300
_a
496
546
_a
ENGLISH
999
_c
30114
_d
30114